000 01176nam a22003257a 4500
003 OSt
005 20230719131423.0
008 221006b |||||||| |||| 00| 0 eng d
040 _cBiblioteca Lado V
082 _a700
_bM269l
100 _9902
_aMancia, Henry A.
_eeditor
245 _aLiterArte/
_bCultura y Critica/
260 _c1999
_bSociedad de las Artes
_aHoduras
300 _c22x28cm
_a68p.
490 _a5
_v2
505 _aTraficante de Angeles
505 _aEl arte efimero
505 _aAlexander Von Humboldt
505 _aFrancisco Amighetti
505 _aINDICE
_gPOESIA SONIDOS INSTALA 99 WALTER IRAHETA SILENCIO DETESTA EL COÑAC RUMORES REALES
650 _2Tesauro de Arte & Arquitectura
_aARTE
650 _2Tesauro de Arte & Arquitectura
_aLITERATURA
650 _2Tesauro de Arte & Arquitectura
_aCULTURA
_9702
650 _2Tesauro de Arte & Arquitectura
_aCRITICA
650 _2Tesauro de Arte & Arquitectura
_aESPAÑOL
651 _2Tesauro de Arte & Arquitectura
_aAMERICA LATINA
700 _aBustillo, Marisela
_eeditora
700 _aPadilla, Luis H.
_eeditor
942 _2ddc
_c1
_h700
_iM269l
_n0
999 _c4057
_d4057